Evidence

Guardado en:
Detalles Bibliográficos
Autor principal: Graham, Kenneth W. Jr
Formato: Libro
Publicado: Santa Monica: Casenotes Publishing co. inc., c2000.
Materias:
Etiquetas: Agregar Etiqueta
Sin Etiquetas, Sea el primero en etiquetar este registro!

MARC

LEADER 00000cam a22000004a 4500
005 20251007090915.0
020 |a 9780874571752  |c TZS 35,000/= 
040 |a MCCL  |b eng.  |e AACR 2nd rev. ed. 
082 |a 347. 06 GRA 
100 1 |a Graham, Kenneth W. Jr. 
245 1 0 |a Evidence   |c / Kenneth W. Graham Jr. 
260 |a Santa Monica:  |b Casenotes Publishing co. inc.,  |c c2000. 
300 |a [xliv], [various pagination] : ill.;  |c 28 cm. 
504 |a Includes index 
650 0 |a Evidence (law)  |z United States  |v Examinations, questions, etc. 
700 |a Graham, Kenneth W. Jr. 
942 |c BK 
999 |c 12179  |d 12179